00458nam a22001577a 4500003000400000005001700004008004100021020001500062040002900077050002200106100002100128245007100149260003000220300001000250650004000260OSt20260617144751.0260617b |||||||| |||| 00| 0 eng d a0132063921 cChuka University Library aLB 1032b.V4 1998 aVermette Paul J. aMaking Cooperative Learning WorkbStudent Teams In K-12 Classrooms aNew JerseybMerrillc1998 a240.p aTeam Learning Approach In Education